[Event "AUTO-OPEN-798"]
[Site "http://www.queenalice.com/game.php?id=259624"]
[Date "2007.8.22"]
[Round "1"]
[White "gdan"]
[Black "JackBauer"]
[Result "0-1"]
[WhiteElo "1987"]
[BlackElo "2042"]

1. e4 c5 2. d4 cxd4 3. c3 dxc3 4. Nxc3 e6 5. Nf3 a6 6. Bc4 b5 7. Bb3 Bb7 8. Qe2
d6 9. O-O Nd7 10. Rd1 Ngf6 11. Bg5 b4 12. Na4 Bxe4 13. Rd4 d5 14. Bxd5 exd5 15.
Rxd5 Be7 16. Rd4 Bxf3 17. Qxf3 O-O 18. Rad1 Qa5 19. Rxd7 Nxd7 20. Bxe7 Qxa4 21.
b3 Qb5 22. Rd5 Rfc8 23. h3 Ne5 24. Qe4 Rc1+ 25. Kh2 Re1 26. Qd4 Qd3 27. Qc5 Nf3+
28. gxf3 Qxf3 0-1

[Event "AUTO-OPEN-798"]
[Site "http://www.queenalice.com/game.php?id=259625"]
[Date "2007.8.22"]
[Round "1"]
[White "JackBauer"]
[Black "gdan"]
[Result "1-0"]
[WhiteElo "1928"]
[BlackElo "1982"]

1. c4 d5 2. d4 Nf6 3. cxd5 Bf5 4. Nf3 Bxb1 5. Rxb1 Qxd5 6. e3 Nc6 7. Qc2 Qxa2 8.
Ne5 Nxe5 9. dxe5 Qa5+ 10. Qc3 Qxc3+ 11. bxc3 Nd5 12. Rxb7 c6 13. c4 Nc3 14. Be2
e6 15. Bf3 Rc8 16. Rxa7 Bb4 17. Bxc6+ Kf8 18. Ba3 Na2+ 19. Ke2 Bxa3 20. Rxa3 Nb4
21. Bb7 Rd8 22. Rb1 1-0

[Event "AUTO-OPEN-798"]
[Site "http://www.queenalice.com/game.php?id=259642"]
[Date "2007.8.22"]
[Round "1"]
[White "JackBauer"]
[Black "dante72"]
[Result "1-0"]
[WhiteElo "2111"]
[BlackElo "1937"]

1. c4 f5 2. Nc3 Nf6 3. d4 e6 4. Bg5 Be7 5. Nf3 O-O 6. e3 Ne4 7. h4 h6 8. Bf4
Nxc3 9. bxc3 d6 10. h5 Nc6 11. Be2 Bf6 12. Bg3 e5 13. d5 Nb8 14. Qc2 e4 15. Nd4
Bxd4 16. cxd4 Nd7 17. c5 Nf6 18. Qc4 a6 19. a4 Bd7 20. c6 bxc6 21. dxc6+ Kh8 22.
cxd7 Qxd7 23. Kd2 Rfc8 24. Rhb1 c5 25. Rb6 cxd4 26. Qxd4 d5 27. Rxf6 gxf6 28.
Qxf6+ Qg7 29. Qxg7+ Kxg7 30. Rb1 Ra7 31. Rb6 a5 32. Be5+ Kh7 33. Bf4 Rd8 34.
Rxh6+ Kg7 35. Rd6 Rxd6 36. Bxd6 Kf6 37. Kc3 Rb7 38. Kd4 Rb2 39. Be5+ Ke6 40. Kc3
Rxe2 41. h6 Rxf2 42. h7 Kxe5 43. h8=Q+ Ke6 44. Qe8+ Kd6 45. Qg6+ Kc5 46. Qg3 Rf4
47. Qxf4 d4+ 48. exd4+ Kd5 49. Qe5+ Kc6 50. d5+ Kc5 51. Qe6 f4 52. Qc6# 1-0

[Event "AUTO-OPEN-798"]
[Site "http://www.queenalice.com/game.php?id=259643"]
[Date "2007.8.22"]
[Round "1"]
[White "dante72"]
[Black "JackBauer"]
[Result "0-1"]
[WhiteElo "1912"]
[BlackElo "1736"]

1. d4 Nf6 2. Nc3 d5 3. e3 c5 4. Nge2 Nc6 5. Ng3 e6 6. Bb5 Be7 7. Bxc6+ bxc6 8.
O-O h5 9. f4 h4 10. Nh1 h3 11. g3 Ne4 12. Nxe4 dxe4 13. Nf2 cxd4 14. Nxe4 c5 15.
Bd2 Bb7 16. Nf2 dxe3 17. Bxe3 Qb6 18. b3 Qc6 19. Ne4 Qxe4 20. Qf3 Qxf3 21. Rxf3
Bxf3 22. c4 Rd8 23. Rf1 Rd1 24. Rxd1 Bxd1 25. Kf2 Kd7 26. Ke1 Bf3 27. Kd2 Kd6
28. Kd3 e5 29. fxe5+ Kxe5 30. Bf4+ Kf5 31. Ke3 Kg4 32. Kf2 Re8 33. a3 Bf6 34. b4
Bd4+ 35. Kf1 Bg2# 0-1

[Event "AUTO-MASTER-386"]
[Site "http://www.queenalice.com/game.php?id=276646"]
[Date "2007.9.24"]
[Round "1"]
[White "technicaldraw"]
[Black "JackBauer"]
[Result "0-1"]
[WhiteElo "1986"]
[BlackElo "2148"]

1. e4 e5 2. Nf3 Nc6 3. Bb5 f5 4. Nc3 Nd4 5. exf5 Nf6 6. O-O c6 7. Be2 d5 8. Re1
Be7 9. Nxe5 O-O 10. d3 Qc7 11. Nf3 Ng4 12. g3 Nxf5 13. Bf4 Bd6 14. h3 Nxf2 15.
Kxf2 Bxf4 16. gxf4 Qxf4 17. Qd2 Qg3+ 18. Kf1 Ne3+ 19. Qxe3 Bxh3# 0-1

[Event "AUTO-MASTER-386"]
[Site "http://www.queenalice.com/game.php?id=276647"]
[Date "2007.9.24"]
[Round "1"]
[White "JackBauer"]
[Black "technicaldraw"]
[Result "1-0"]
[WhiteElo "2182"]
[BlackElo "1950"]

1. e4 e6 2. d4 d5 3. e5 c5 4. c3 Nc6 5. Nf3 Qb6 6. Bd3 cxd4 7. cxd4 Bd7 8. O-O
Nxd4 9. Nxd4 Qxd4 10. Nc3 Qxe5 11. Re1 Qd6 12. Nb5 Qb8 13. Qf3 Bd6 14. Nxd6+
Qxd6 15. Bf4 Qb4 16. Qg3 g6 17. Bd6 Qb6 18. Be5 f6 19. Bxg6+ hxg6 20. Qxg6+ Kf8
21. Bxf6 Nxf6 22. Qxf6+ Kg8 23. Re5 1-0

[Event "AUTO-MASTER-386"]
[Site "http://www.queenalice.com/game.php?id=276660"]
[Date "2007.9.24"]
[Round "1"]
[White "OLIMP2458"]
[Black "JackBauer"]
[Result "0-1"]
[WhiteElo "2006"]
[BlackElo "2227"]

1. e4 c5 2. c3 d5 3. exd5 Qxd5 4. d4 Nf6 5. Nf3 Nc6 6. Be2 e6 7. O-O Be7 8. Be3
Ng4 9. Bf4 O-O 10. h3 Nf6 11. Nbd2 cxd4 12. cxd4 Rd8 13. Nb3 Bd7 14. Rc1 Rac8
15. Bc4 Qf5 16. Bg3 Be8 17. Qe2 Nh5 18. Bh2 Nf4 19. Bxf4 Qxf4 20. Rcd1 Bf6 21.
Bb5 a6 22. Bxc6 Bxc6 23. Ne1 Bxd4 24. Nxd4 Rxd4 25. Rxd4 Qxd4 26. Qc2 Qd8 27.
Nd3 Be4 0-1

[Event "AUTO-MASTER-386"]
[Site "http://www.queenalice.com/game.php?id=276661"]
[Date "2007.9.24"]
[Round "1"]
[White "JackBauer"]
[Black "OLIMP2458"]
[Result "1-0"]
[WhiteElo "2203"]
[BlackElo "2019"]

1. d4 Nf6 2. c4 e6 3. a3 c5 4. Nf3 Be7 5. d5 exd5 6. cxd5 d6 7. e4 Nxe4 8. Qa4+
Bd7 9. Qxe4 O-O 10. Bd3 f5 11. Qe2 Bf6 12. O-O Re8 13. Qc2 g6 14. Nc3 a6 15. Bf4
Bc8 16. Rae1 b5 17. Rxe8+ Qxe8 18. Re1 Qd7 19. Qe2 Kg7 20. h4 c4 21. Bc2 Bb7 22.
h5 a5 23. h6+ Kf8 24. Bxd6+ Qxd6 25. Qe8# 1-0

[Event "AUTO-MASTER-386"]
[Site "http://www.queenalice.com/game.php?id=276668"]
[Date "2007.9.24"]
[Round "1"]
[White "Miguelname"]
[Black "JackBauer"]
[Result "0-1"]
[WhiteElo "2253"]
[BlackElo "2281"]

1. e4 Nc6 2. Nf3 e5 3. Bb5 a6 4. Ba4 g5 5. d4 Nxd4 6. Nxd4 exd4 7. Qxd4 Qf6 8.
e5 Qf5 9. Nc3 Bg7 10. O-O Ne7 11. f4 O-O 12. Be3 Ng6 13. Rae1 gxf4 14. Bxf4 d6
15. Bh6 dxe5 16. Qc5 Qe6 17. Bxg7 Kxg7 18. Qxc7 b5 19. Bb3 Qd7 20. Qxd7 Bxd7 21.
Rd1 Bc8 22. Rd6 Ra7 23. Rfd1 f5 24. a4 bxa4 25. Nxa4 e4 26. Nb6 Re7 27. Nd5 Re6
28. Nc7 Ref6 29. Rxf6 Kxf6 30. Nxa6 Bxa6 31. Rd6+ Kg5 32. Rxa6 Rd8 33. Kf1 Rd1+
34. Ke2 Rh1 35. Kf2 Rxh2 36. Kg1 Rh4 37. c4 Ne5 38. Re6 Nd3 39. Bc2 Nf4 40. Re8
Nh5 41. Ra8 e3 42. Rg8+ Kf4 43. Rd8 Ng3 44. Rd4+ Ne4 45. Bd1 e2 46. Bxe2 Ke3 47.
g3 Rh3 0-1

[Event "AUTO-MASTER-386"]
[Site "http://www.queenalice.com/game.php?id=276669"]
[Date "2007.9.24"]
[Round "1"]
[White "JackBauer"]
[Black "Miguelname"]
[Result "1-0"]
[WhiteElo "2245"]
[BlackElo "2242"]

1. d4 Nf6 2. c4 e6 3. g3 d5 4. Nf3 dxc4 5. Bg2 c5 6. O-O Nc6 7. Qa4 Bd7 8. Qxc4
b5 9. Qd3 Rc8 10. Bg5 c4 11. Qd1 Be7 12. Nc3 a6 13. Re1 b4 14. Bxf6 gxf6 15. Ne4
Qa5 16. Nc5 Bxc5 17. dxc5 Qxc5 18. Nd2 f5 19. e4 O-O 20. Nxc4 Qxc4 21. Qxd7 Rfd8
22. Qb7 Nd4 23. exf5 Nxf5 24. Re4 Qc2 25. Rg4+ Kh8 26. Bf1 Qxb2 27. Rd1 Qf6 28.
Qxa6 Rc2 29. Rxd8+ Qxd8 30. Bd3 Rb2 31. Qb5 h5 32. Rf4 Rxa2 33. Qe5+ Kg8 34.
Bxf5 exf5 35. Qxf5 1-0

[Event "AUTO-MASTER-386"]
[Site "http://www.queenalice.com/game.php?id=340366"]
[Date "2008.1.22"]
[Round "2"]
[White "Pinone"]
[Black "JackBauer"]
[Result "1/2-1/2"]
[WhiteElo "2389"]
[BlackElo "2398"]

1. d4 d5 2. c4 dxc4 3. e4 c5 4. d5 e6 5. Bxc4 Nf6 6. Nc3 exd5 7. Nxd5 Nxd5 8.
Qxd5 Qc7 9. Nf3 Be6 10. Qd3 Bxc4 11. Qxc4 Be7 12. O-O O-O 13. Be3 Nd7 14. Rac1
Rfd8 15. Rfd1 Ne5 16. Nxe5 Qxe5 17. b3 a6 18. a4 Rxd1+ 19. Rxd1 b5 20. Qd5 Qxd5
21. exd5 Rd8 22. axb5 axb5 23. Kf1 f5 24. Ke2 Kf7 25. Bf4 Bd6 26. Bxd6 Rxd6 27.
Ke3 b4 28. h3 Ke7 29. Kf4 Kf6 30. h4 g6 31. g4 fxg4 32. Ke4 Rd7 33. Ra1 Re7+ 34.
Kd3 h5 35. Ra6+ Kf7 36. Rc6 Ra7 37. Rxc5 Ra2 38. Rc7+ Kf6 39. Rc6+ Kf5 40. Rc8
Ke5 41. Rg8 Rxf2 42. Rxg6 Kxd5 43. Rg5+ Ke6 44. Rxh5 Rf3+ 45. Ke4 Rxb3 46. Rg5
Rc3 47. h5 b3 48. h6 Kf6 49. h7 Rh3 50. Rb5 Rxh7 51. Kf4 Ke6 1/2-1/2

[Event "AUTO-MASTER-386"]
[Site "http://www.queenalice.com/game.php?id=340367"]
[Date "2008.1.22"]
[Round "2"]
[White "JackBauer"]
[Black "Pinone"]
[Result "1/2-1/2"]
[WhiteElo "2398"]
[BlackElo "2396"]

1. d4 d5 2. c4 e6 3. Nc3 Nf6 4. Nf3 Nbd7 5. Bg5 c6 6. e3 Qa5 7. Nd2 Bb4 8. Qc2
O-O 9. Nb3 Qa4 10. cxd5 cxd5 11. Bd3 b6 12. O-O Bxc3 13. bxc3 Ba6 14. Bxa6 Qxa6
15. f3 Rfc8 16. e4 Rc6 17. Bc1 Rac8 18. Bb2 Qa4 19. e5 Ne8 20. f4 f5 21. g4 g6
22. g5 Nc7 23. Rf3 Nb5 24. Qd2 a6 25. h4 Nf8 26. Nc1 Rc4 27. Ne2 h5 28. gxh6
R8c7 29. Qd1 Qxd1+ 30. Rxd1 Rh7 31. Kf2 Rxh6 32. Rh3 Kf7 33. Ng1 Ra4 34. a3 Na7
35. Nf3 Nc6 36. Nd2 Na5 37. Ke3 b5 38. Rdh1 Rh5 39. Rg1 Nc4+ 40. Nxc4 Rxc4 41.
Kd3 Rh8 42. Rgh1 Nd7 43. h5 Rxh5 44. Rxh5 gxh5 45. Rxh5 Kg7 46. Rg5+ Kf8 47. Rh5
1/2-1/2

[Event "AUTO-MASTER-386"]
[Site "http://www.queenalice.com/game.php?id=340371"]
[Date "2008.1.22"]
[Round "2"]
[White "Panter"]
[Black "JackBauer"]
[Result "0-1"]
[WhiteElo "2230"]
[BlackElo "2321"]

1. c4 Nf6 2. d4 c5 3. d5 b5 4. Nf3 g6 5. cxb5 a6 6. Qc2 Bg7 7. Qxc5 O-O 8. Nc3
d6 9. Qb4 axb5 10. e4 Na6 0-1

[Event "White"]
[Site "http://www.queenalice.com/game.php?id=366869"]
[Date "2008.3.7"]
[Round "-"]
[White "JackBauer"]
[Black "Bergman"]
[Result "1/2-1/2"]
[WhiteElo "2390"]
[BlackElo "2439"]

1. e4 e5 2. f4 exf4 3. Bc4 Nf6 4. Nc3 c6 5. d4 Bb4 6. e5 Ne4 7. Qf3 Qh4+ 8. Kf1
Ng3+ 9. hxg3 Qxh1 10. Ne4 O-O 11. Bxf4 Qh2 12. Nf2 d5 13. exd6 b5 14. Ngh3 Bd2
15. Be5 Nd7 16. Ke2 Bh6 17. Rh1 Qxh1 18. Nxh1 bxc4 19. g4 Bc1 20. Ng3 f6 21. Nf5
fxe5 22. dxe5 Kh8 23. e6 Ne5 24. Qf1 Bxe6 25. Qxc1 Nxg4 26. Ne7 Rad8 27. Qd2 Bd5
28. Qd4 Rxd6 29. Nxd5 Nf6 30. Qc5 Ne4 31. Qxc4 Ng3+ 32. Ke3 Nf1+ 1/2-1/2

[Event "Black"]
[Site "http://www.queenalice.com/game.php?id=366870"]
[Date "2008.3.7"]
[Round "-"]
[White "Bergman"]
[Black "JackBauer"]
[Result "0-1"]
[WhiteElo "2466"]
[BlackElo "2360"]

1. e4 e5 2. Nf3 Nc6 3. Bc4 Nf6 4. Ng5 d5 5. exd5 Nd4 6. c3 b5 7. cxd4 bxc4 8.
dxe5 Qxd5 9. exf6 Qxg5 10. O-O Bb7 11. Qa4+ Kd8 12. f3 Bd6 13. Qxc4 Qh5 14. g3
gxf6 15. Qb3 Bc6 16. Nc3 Bxf3 17. Nd1 Bd5 18. Qd3 Rg8 19. b4 c6 20. Nc3 Qh4 21.
Ne2 Kc7 0-1

[Event "QA-ANNIV-04"]
[Site "http://www.queenalice.com/game.php?id=418574"]
[Date "2008.6.16"]
[Round "1"]
[White "ZUMBI"]
[Black "JackBauer"]
[Result "0-1"]
[WhiteElo "1695"]
[BlackElo "2392"]

1. e4 e5 2. Nf3 Nc6 3. Bb5 f5 4. Nc3 fxe4 5. Nxe5 Nxe5 6. Nxe4 c6 7. Ba4 d5 8.
Nc3 Bd6 9. d4 Bg4 10. f3 Qh4+ 11. g3 Nxf3+ 12. Kf1 Bxg3 13. Qe2+ Ne7 14. Nxd5
Bh3+ 15. Qg2 Qe4 16. Qxh3 Qe1+ 17. Kg2 Qf2# 0-1

[Event "QA-ANNIV-04"]
[Site "http://www.queenalice.com/game.php?id=445806"]
[Date "2008.8.8"]
[Round "2"]
[White "JackBauer"]
[Black "Pelaggio"]
[Result "1-0"]
[WhiteElo "2392"]
[BlackElo "1531"]

1. d4 g6 2. e4 e6 3. f4 Ne7 4. c4 c6 5. Nc3 Bg7 6. Nf3 O-O 7. Be3 b6 8. g4 d6 9.
h4 f6 10. h5 h6 11. g5 fxg5 12. fxg5 d5 13. gxh6 Bh8 14. hxg6 Nxg6 15. cxd5 cxd5
16. Bd3 dxe4 17. Bxe4 Nc6 18. Bxc6 Rb8 19. h7+ Kf7 20. Ne4 Kg7 21. Ne5 Nxe5 22.
Bh6+ 1-0

[Event "QA-ANNIV-04"]
[Site "http://www.queenalice.com/game.php?id=479393"]
[Date "2008.10.18"]
[Round "3"]
[White "Pollyanna"]
[Black "JackBauer"]
[Result "0-1"]
[WhiteElo "2121"]
[BlackElo "2392"]

1. d4 Nf6 2. Nf3 e6 3. c4 Bb4+ 4. Nc3 b6 5. Bg5 Bb7 6. Nd2 h6 7. Bh4 O-O 8. e3
Be7 9. Bd3 c5 10. Qe2 cxd4 11. exd4 d5 12. cxd5 Nxd5 13. Bg3 Nc6 14. Nf3 Ndb4
15. a3 Nxd3+ 16. Qxd3 Bf6 17. Rd1 a5 18. Ne4 Ba6 19. Nxf6+ Qxf6 20. Qb1 Rac8 21.
h4 Rfe8 0-1

[Event "QA-ANNIV-04"]
[Site "http://www.queenalice.com/game.php?id=514341"]
[Date "2008.12.29"]
[Round "4"]
[White "JackBauer"]
[Black "silverhawks"]
[Result "1-0"]
[WhiteElo "2397"]
[BlackElo "2145"]

1. e4 e5 2. Nc3 Nc6 3. f4 d6 4. Nf3 Bg4 5. Bb5 Nf6 6. d4 exd4 7. Qxd4 a6 8.
Bxc6+ bxc6 9. Be3 c5 10. Qd2 Be7 11. O-O-O O-O 12. h3 Be6 13. g4 Rb8 14. g5 Nd7
15. f5 Bc4 16. Rhg1 f6 17. g6 h6 18. Bxh6 c6 19. Bf4 Ne5 20. Qf2 Qb6 21. b3 Rfd8
22. Qh4 Nxf3 23. Qh7+ Kf8 24. Nd5 Bxd5 25. exd5 Ke8 26. Qg8+ Kd7 27. Qe6+ Kc7
28. Qxe7+ Kc8 29. dxc6 Qxc6 30. Rxd6 Rxd6 31. Bxd6 Qd7 32. Qf8+ Qd8 33. Rf1 Qxf8
34. Bxf8 Nd4 35. Bxg7 Ne2+ 36. Kd2 Ng3 37. Rf3 Nh5 38. Bf8 Kd7 39. g7 Nxg7 40.
Bxg7 Ke7 41. h4 Kf7 42. Rg3 Rg8 43. Kc3 Rxg7 44. Rxg7+ Kxg7 45. Kc4 Kh6 46. Kxc5
Kh5 47. Kd6 1-0

[Event "QA-ANNIV-04"]
[Site "http://www.queenalice.com/game.php?id=578107"]
[Date "2009.4.26"]
[Round "5"]
[White "JackBauer"]
[Black "Dogeval"]
[Result "0-1"]
[WhiteElo "2401"]
[BlackElo "2424"]

1. e4 e6 2. d4 d5 3. Nc3 Bb4 4. e5 c5 5. a3 Bxc3+ 6. bxc3 Ne7 7. Qg4 O-O 8. Bd3
Nbc6 9. Qh5 Ng6 10. Nf3 Qc7 11. Be3 c4 12. Bxg6 fxg6 13. Qg4 Ne7 14. h4 Nf5 15.
Bd2 Bd7 16. h5 Be8 17. h6 Ba4 18. hxg7 Nxg7 19. Rc1 Rf5 20. Ng5 h5 21. Qh3 Raf8
0-1